00307 a2200097 4500001001000000005001700010008004100027245007600068100001900144773004600163ART_4519320260410162040.0260409a 10aRégimen recursivo en la reforma de la Ley de Procedimiento Tributario1 aDiez, Fernando0 tImpuestosg- Nº 20 (ene. 2018)wREV45175